000 00780nam a2200229Ii 4500
003 JO-AjNU
008 230605s9999||||xx |||||||||||||| ||und||
017 _a4971/09/2021
020 _a978-9957-23-587-1
040 _aJO-AjNU
_bara
_erda
_cJO-AjNU
041 _aara
050 1 4 _aBP135.D4842.2021
100 3 _aتاليف الضاري، حارث سليمان,
_eauthor
_964083
245 0 0 _aمحاضرات في علوم الحديث
250 _aط6
264 3 1 _aبغداد: مؤسسة البصائر للدراسات والنشر، 2021
300 _a223ص
336 _atext
_btxt
_2rdacontent
337 _aunmediated
_bn
_2rdamedia
338 _avolume
_bnc
_2rdacarrier
650 4 _aالحديث الشريف-علوم الحديث-السنة النبوية
_964084
999 _aA29102
_c32670
_d32670